|
|
|
|
| LEADER |
00738nam a2200253 a 4500 |
| 001 |
adlib96000001 |
| 003 |
ViArRB |
| 005 |
20151026130532.0 |
| 008 |
960221s1955 dcuabcdjdbkoqu001 0deng d |
| 020 |
|
|
|
| 022 |
|
|
|
| 040 |
|
|
|a Adlib
|
| 082 |
|
|
|a 523.6
|
| 245 |
|
|
|a Nature of comets
|
| 250 |
|
|
|
| 260 |
|
|
|a London
|b Methiuen
|c 1965
|
| 300 |
|
|
|a xii,221p.
|
| 500 |
|
|
|a
|
| 100 |
|
|
|a Richter, Nikolaus B
|
| 700 |
|
|
|
| 942 |
|
|
|c BK
|6 _
|
| 653 |
|
|
|a Astronomical physics
|a Physics, Astronomical
|a Astrophysics
|a Spectroscopy
|a black holes
|a Spectrum analysis
|a Astronomy
|a Physics
|a Stars
|a Comets
|a Astronomy
|
| 999 |
|
|
|c 7471
|d 7471
|
| 952 |
|
|
|0 0
|1 0
|4 0
|6 5236_RIC
|7 0
|9 18876
|a UL
|b UL
|d 2010-06-16
|o 523.6 RIC
|p 00005512
|r 2010-06-16
|w 2010-06-16
|y BK
|